| 000 | 00590nam a22002057a 4500 | ||
|---|---|---|---|
| 999 |
_c9857 _d9857 |
||
| 003 | AR-CdUCM | ||
| 008 | 190328b ||||| |||| 00| 0 spa d | ||
| 040 |
_aMUNICIPALIDAD PROVINCIAL DEL CUSCO _cBIBLIOTECA MUNICIPAL DEL CUSCO |
||
| 082 |
_a843 / _bH89C |
||
| 100 |
_aVictor Hugo _9351 |
||
| 245 | _aCosas Vistas y Hernani / | ||
| 260 |
_aBarcelona : _bRamón Sopena, |
||
| 300 |
_a800 paginas ; _c23 cm. |
||
| 440 |
_aBiblioteca de Grandes Novelas _926355 |
||
| 505 | _aContenido :Novela / | ||
| 650 |
_aLiteratos _9754 |
||
| 650 |
_aNovela _95 |
||
| 942 |
_2ddc _cLIBROS |
||
| 945 | _arjall | ||